00785cam a22002654a 45000010009000000050017000090080041000260200018000670200015000850400013001000820021001131000031001342450120001652600050002853000021003356500011003566500034003676500010004016500019004116500016004306500022004466500016004686500014004847000021004981593023920170206102959.0091002s2010 cau b 000 0 eng  a9781595800480 a1595800484 cPK-LaUMT00a306.9222bTRA-P1 aTravis-Henikoff, Carole A.10aPassings :bdeath, dying, and unexplained phenomena /cCarole A. Travis-Henikoff ; forewarded by Garniss H. Curtis. aSanta Monica, CA :bSanta Monica Press,c2010 a324 p. ;c24 cm. 0aDeath. 0aDeathxPsychological aspects.12aDeath12aParapsychology12aThanatology12aAttitude to Death22aBereavement22aTelepathy1 aCurtis, Garniss.